| 000 | 01357cam a22002294a 4500 | ||
|---|---|---|---|
| 005 | 20250605164112.0 | ||
| 008 | 250528s ||||||||||||||||||||||||d | ||
| 035 | _a17950 | ||
| 020 | _a278000665 | ||
| 040 |
_aGR-AtMCL _bgre _dGR-AtMCL _eAACR2 |
||
| 245 | 1 | _aQuantitative Methods for Business Decisions / Second Edition | |
| 250 | _a2nd | ||
| 260 | _c1988 | ||
| 300 | _a372 | ||
| 520 | _aThis book is about the definition an solution of problems set firmly within a business context. Preface, Quantitative Information, Data Collection, Presentation of Data, Descriptive Statistics, Measures of Dispersion, Measures of Average, Index Numbers, Mathematical Methods, Algebra and the Use of Equations, The Use of Calculus, The Time Value of Money, Measures of Uncertainty, Probability, Discrete Probability Distributions, The Normal Distribution, Statistical Inference, Confidence Intervals for Means and Percentages and Medians, Confidence Intervals: Further Developments, Significance Testing, Chi-Square Tests, Relating Two or More Variables, Correlation, Regression, Time Series, Mathematical Models, Linear Programming, Networks, Stock Control Systems, Examination Questions, Index. | ||
| 700 | 1 |
_aCurwin Jon _92536 |
|
| 700 | 1 |
_aSlater Roger _92537 |
|
| 700 | 1 |
_aVnr International _94245 |
|
| 942 | _cBK | ||
| 999 |
_c3344 _d3344 |
||